Les Quarts de finale en Coupes du Monde de Rugby - Statistiques

Statistiques générales
  • Ce quiz a été pris 465 fois
  • Le résultat moyen est 12 sur 13
Statistiques - réponses
Réponse % Correct
France
100%
Nouvelle-Zélande
100%
Afrique du Sud
99%
Angleterre
99%
Irlande
99%
Australie
98%
Ecosse
98%
Argentine
97%
Pays de Galles
97%
Fidji
95%
Japon
88%
Samoa Occidentales
82%
Canada
64%
Aucun quiz correspondant
Distribution des résultats
% des personnes avec chaque résultat
Percentile par nombre de réponses
Votre historique - résultats
Vous n’avez pas pris ce quiz